000 01084nam a2200265 a 4500
001 424
003 BR-CuiBMT
005 20231108163724.0
008 231106s2015 rjba 00| 0 eng d
020 _a8544205305
040 _aBR-CuiBMT
_cBR-CuiBMT
080 _22007
_a347
_x(094.4)
090 _a347(094.4)
_bA848m
_c4. ed.
100 1 _aAssis Neto, Sebastião
245 1 0 _aManual de direito civil /
_cSebastião de Assis Neto, Marcelo de Jesus, Maria Izabel de Melo
250 _a4. ed., rev., ampl. e atual.
260 _aSalvador :
_bJusPodivm,
_c2015.
300 _a1792 p. :
_bil. ;
_c24 cm
500 _a"Volume único."
500 _aAtualizado de acordo com as Leis 13.129 de 26 de maio de 2015 (Arbitragem), 13.140 de 26 de junho de 2015 (Lei de Mediação), 13.144 de 6 de julho de 2015 (Bem de família), 13.151 de 28 de julho de 2015 (Fundações), 13.146 de 6 de julho de 2015 (Estatuto da Pessoa com Deficiência).
650 _aDireito civil
_vManuais, guias, etc.
_zBrasil
700 1 _aJesus, Marcelo de
710 1 _aMelo, Maria Iazabel de
942 _2udc
_cLV
999 _c424
_d424